LEADER 01542nam a2200325 u 4500 001 000000029927 003 CaOOAMICUS 005 20070226111954.0 008 970715s1958 enk u000 u eng u 035 $a10767078 040 $aIRN$bita 041 1 $aeng$alat 100 0 $aPliny,$cthe Elder.$0(OLS)http://pul/name/24205 240 10$aNaturalis historia$9(Pliny, the Elder).$lEnglish and Latin$0Books 1-2.$0(OLS)http://pul/title/41051 245 10$aNatural history :$bwith an English translation, in ten volumes.$nVolume I,$ppraefatio, libri I, II /$cPliny ; [ed.] by H. Rackham. 260 $aLondon :$bHeinemann ;$aCambridge, Mass. :$bHarvard University press,$c1958. 300 $axiv, 377 p. ;$c17 cm 490 1 $aLoeb classical library 500 $aEnglish and Latin on opposite pages 500 $aIncludes index. 500 $aReprint of rev. ed. 1949. 700 1 $aRackham, H.$q(Harris),$d1868-1944.$0(OLS)http://pul/name/19503 830 0$aLoeb classical library.$0(OLS)http://pul/title/4029 850 $aPUL 852 $aPUL$W1$xDP1 Fondo Ciprotti$y59$m1546 F 3$j41378$nBK-PRI$b $qFondi$B41378$CPULBib$Z2$F41378 $H $81 941 1 $a1 961 $aINV: F.CIPROTTI 996 $6245$aNatural history :$bwith an English translation, in ten volumes.$nVolume I,$ppraefatio, libri I, II$9(OLS)http://pul/title/41052 996 $6260$aLondon :$bHeinemann$9(OLS)http://pul/publisher/55176 996 $6260$aCambridge, Mass. :$bHarvard University press$9(OLS)http://pul/publisher/60479 LEADER 01487nam a2200337 a 4500 001 000000136701 003 CaOOAMICUS 005 20131204150417.0 008 131204s1991 it u000 u ita r 020 $a88-17-12105-3 040 $aPUL$bita 041 1 $aita$alat$hlat 100 1 $aBoethius, Anicius Manlius Torquatus Severinus,$d475/480-c. 524/525.$0(OLS)http://pul/name/1389 240 10$aConsolatio philosophiae.$lItaliano e latino.$0(OLS)http://pul/title/173055 245 13$aLa consolazione della filosofia /$cAnicio Manlio Severino Boezio ; introduzione di Christine Nohrmann ; traduzione, cronologia, premessa al testo e note a cura di Ovidio Dallera. 260 $aMilano :$bRizzoli,$c1991. 300 $a411 p. ;$c18 cm 490 1 $aClassici della BUR 500 $aTesto latino a fronte. 700 1 $aMohrmann, Christine,$d1903-1988.$0(OLS)http://pul/name/4670 700 1 $aDallera, Ovidio.$0(OLS)http://pul/name/88083 830 0$aClassici della BUR.$0(OLS)http://pul/title/31827 850 $aPUL 852 $aPUL$W1$xDP1 Fondo E. Rossi$y115$m2 G 13$j157450$qFondi$B156920$CPULBib$Z2$F156920 $82 900 $aBoezio,$d475/480-c. 524/525$91389 941 1 $a1 961 $aSul dorso collocazione ms. di E. Rossi: CL 7 996 $6020$a88-17-12105-3$9(OLS)http://pul/number/154130 996 $6245$aLa consolazione della filosofia$9(OLS)http://pul/title/21539 996 $6260$aMilano :$bRizzoli$9(OLS)http://pul/publisher/48712